Temas Actuales de Derecho Patrimonial: tercer congreso de derecho civil de la facultad de derecho de la U. Católica de Santísima Concepción
Uloženo v:
| Médium: | Neznámo |
|---|---|
| Jazyk: | angličtina |
| Vydáno: |
Santiago
Thomson Reuters
2019
|
| Témata: | |
| Tagy: |
Přidat tag
Žádné tagy, Buďte první, kdo vytvoří štítek k tomuto záznamu!
|
MARC
| LEADER | 00000 a2200000 4500 | ||
|---|---|---|---|
| 003 | CL-VaPUC | ||
| 005 | 20231107152504.0 | ||
| 008 | 200311b ||||| |||| 00| 0 eng d | ||
| 999 | |c 417890 |d 417888 | ||
| 020 | |a 9789564000879 | ||
| 040 | |c Pontificia Universidad Católica de Valparaíso | ||
| 082 | 0 | 4 | |a 346.83 CES 2019 |
| 100 | 1 | |a Céspedes Muñoz, Carlos |9 723132 |e dir. | |
| 245 | 1 | 0 | |a Temas Actuales de Derecho Patrimonial: tercer congreso de derecho civil de la facultad de derecho de la U. Católica de Santísima Concepción |
| 260 | |b Thomson Reuters |c 2019 |a Santiago | ||
| 300 | |a 400 p | ||
| 583 | |k Hugo Gaete |c 20200311 | ||
| 650 | 0 | 0 | |a Derecho patrimonial |9 391659 |
| 650 | 0 | 0 | |a Derecho civil |9 255013 |
| 650 | 0 | 0 | |a Derecho de familia |9 255603 |
| 650 | 0 | 0 | |a CONTRATACION |9 343748 |
| 650 | 0 | 0 | |a RESPONSABILIDAD CIVIL |9 737522 |
| 650 | 0 | 0 | |a DERECHO DEL CONSUMIDOR |9 474425 |
| 650 | 0 | 0 | |a Derecho sucesorio |9 255015 |
| 650 | 0 | 0 | |a SEGUROS |9 737523 |
| 650 | 0 | 0 | |a Protección de datos personales |9 458929 |
| 650 | 0 | 0 | |a Derecho a la educación |9 307987 |
| 651 | |a CHILE |9 737524 | ||
| 942 | |2 ddc |c BK | ||
| 952 | |0 0 |1 0 |2 ddc |4 0 |6 346_830000000000000_CES_2019 |7 0 |9 560918 |a BIBDER |b BIBDER |d 2020-03-09 |e 31 |g 0.00 |i 5573602 |o 346.83 CES 2019 |p 5573602 |r 2023-01-25 |t 1 |v 0.00 |w 2020-03-09 |y BK |k DER | ||